100 ហេតុការណ៍នៃប្រវត្តិសាស្រ្តពិភពលោក / (Record no. 1723)
[ view plain ]
| 000 -LEADER | |
|---|---|
| fixed length control field | 02339nam a22003377a 4500 |
| 001 - CONTROL NUMBER | |
| control field | 1723 |
| 003 - CONTROL NUMBER IDENTIFIER | |
| control field | FISKH |
| 005 - DATE AND TIME OF LATEST TRANSACTION | |
| control field | 20231003161229.0 |
| 008 - FIXED-LENGTH DATA ELEMENTS--GENERAL INFORMATION | |
| fixed length control field | 230920b cb ||||| |||| 00| 0 khr d |
| 020 ## - INTERNATIONAL STANDARD BOOK NUMBER | |
| International Standard Book Number | 9789924341055 |
| 040 ## - CATALOGING SOURCE | |
| Original cataloging agency | FISKH |
| Language of cataloging | eng |
| Transcribing agency | FISKH |
| Modifying agency | FISKH |
| 082 ## - DEWEY DECIMAL CLASSIFICATION NUMBER | |
| Classification number | 902 |
| 100 ## - MAIN ENTRY--PERSONAL NAME | |
| Personal name | Yeong, Ye |
| 245 ## - TITLE STATEMENT | |
| Title | 100 ហេតុការណ៍នៃប្រវត្តិសាស្រ្តពិភពលោក / |
| Remainder of title | ពីលទ្ធិសំខាន់ៗនៅប្រទេសចិន រហូតដល់ការបែងចែកចក្រភពរ៉ូំម: |
| Statement of responsibility, etc. | និពន្ធដោយ យេ យ៉ង, ស៊ីន ជេហ្វាន់ និង ឆាន់ ដុងហូ - គូររូបដោយ ស៊ីន ជេហ្វាន់ និង ឆង់ ដុហូ - បកប្រែពីភាសាកូរ៉េដោយ ទូច វណ្ដា |
| 260 ## - PUBLICATION, DISTRIBUTION, ETC. | |
| Place of publication, distribution, etc. | Phnom Penh : |
| Name of publisher, distributor, etc. | Sipar, |
| Date of publication, distribution, etc. | 2021. |
| 300 ## - PHYSICAL DESCRIPTION | |
| Extent | 97 pages : |
| Other physical details | color illustrations ; |
| Dimensions | 23 cm |
| 490 ## - SERIES STATEMENT | |
| Series statement | ខ្ញុំចង់ដឹង |
| Volume/sequential designation | 2 |
| 505 ## - FORMATTED CONTENTS NOTE | |
| Formatted contents note | Z'<br/> |
| 520 ## - SUMMARY, ETC. | |
| Summary, etc. | នៅក្នុងផ្នែកទី 2 នៃសៀវភៅថ្លុកកំប្លែងនេះ អ្នកអាននឹងដឹងពីព្រឹត្តិការណ៍ប្រវត្តិសាស្ត្រសំខាន់ៗពី 500BC ដល់ 395AD រួមទាំងជំនឿ នយោបាយ និងសេដ្ឋកិច្ចនៅក្នុងប្រទេសចិន ការបង្កើតសាសនាគ្រឹស្ត និងផ្នែករ៉ូម។ |
| 520 ## - SUMMARY, ETC. | |
| Summary, etc. | In this 2nd part of the series, readers will get to know significant historical events from 500BC to 395AD including beliefs, politics and economics in China, creation of Christianity and Roman division. |
| 521 8# - TARGET AUDIENCE NOTE | |
| Target audience note | 1060<br/> |
| Source | Lexile estimate<br/> |
| 521 8# - TARGET AUDIENCE NOTE | |
| Target audience note | Z'<br/> |
| Source | Raz-Plus<br/> |
| 650 ## - SUBJECT ADDED ENTRY--TOPICAL TERM | |
| Topical term or geographic name entry element | ចក្រភពរ៉ូម |
| Form subdivision | ព្រឹតិ្តការណ៍ |
| General subdivision | សំខាន់ |
| Chronological subdivision | នយោបាយ |
| 650 ## - SUBJECT ADDED ENTRY--TOPICAL TERM | |
| Topical term or geographic name entry element | Rome |
| Form subdivision | Event |
| General subdivision | Significant |
| Chronological subdivision | Politic |
| 700 ## - ADDED ENTRY--PERSONAL NAME | |
| Personal name | Jae-hwan, shin |
| Relator term | Author |
| 700 ## - ADDED ENTRY--PERSONAL NAME | |
| Personal name | Dong-ho, Jeong |
| Relator term | Author |
| 700 ## - ADDED ENTRY--PERSONAL NAME | |
| Personal name | Jae-hwan, shin |
| Relator term | illustrator |
| 700 ## - ADDED ENTRY--PERSONAL NAME | |
| Personal name | Dong-ho, Jeong |
| Relator term | illustrator |
| 700 ## - ADDED ENTRY--PERSONAL NAME | |
| Personal name | Vanda, Touch |
| Relator term | Translator |
| 942 ## - ADDED ENTRY ELEMENTS (KOHA) | |
| Source of classification or shelving scheme | Dewey Decimal Classification |
| Koha item type | Khmer Books |
| Suppress in OPAC | No |
| Withdrawn status | Lost status | Source of classification or shelving scheme | Damaged status | Not for loan | Collection | Home library | Current library | Shelving location | Date acquired | Total Checkouts | Full call number | Barcode | Date last seen | Date last checked out | Copy number | Price effective from | Koha item type |
|---|---|---|---|---|---|---|---|---|---|---|---|---|---|---|---|---|---|
| Dewey Decimal Classification | Khmer Non-Fiction / សៀវភៅខ្មែរ រឿងពិត | Footprints International School Library Network Toul Kork Campus | Footprints International School Library Network Toul Kork Campus | 09/20/2023 | 1 | YEO 902 | 2023-0675 | 02/02/2026 | 01/05/2026 | 1 | 09/20/2023 | Khmer Books | |||||
| Dewey Decimal Classification | Khmer Non-Fiction / សៀវភៅខ្មែរ រឿងពិត | Footprints International School Library Network Toul Kork Campus | Footprints International School Library Network Toul Kork Campus | 09/20/2023 | YEO 902 | 2023-0676 | 09/20/2023 | 2 | 09/20/2023 | Khmer Books |
